The Tipping Point; (Record no. 68660)
[ view plain ]
| 000 -LEADER | |
|---|---|
| fixed length control field | 00742nam a22002057a 4500 |
| 005 - DATE AND TIME OF LATEST TRANSACTION | |
| control field | 20120725142432.0 |
| 010 ## - LCCN (DPL NO) | |
| LC control number | G-002056 |
| 020 ## - INTERNATIONAL STANDARD BOOK NUMBER | |
| International Standard Book Number | 7099300799 |
| Terms of availability | 225.00 |
| 035 ## - SYSTEM CONTROL NUMBER | |
| System control number | G-002056 |
| 037 ## - SOURCE OF ACQUISITION | |
| Stock number | dpl |
| Source of stock number/acquisition | Gift |
| 082 ## - DEWEY DECIMAL CLASSIFICATION NUMBER | |
| Classification number | 302 |
| 100 ## - MAIN ENTRY--PERSONAL NAME | |
| Personal name | Gladwell, Malcolm. |
| 245 ## - TITLE STATEMENT | |
| Title | The Tipping Point; |
| Remainder of title | how little things can make a difference/ |
| Statement of responsibility, etc | by Malcolm Gladwell |
| 260 ## - PUBLICATION, DISTRIBUTION, ETC. (IMPRINT) | |
| Place of publication, distribution, etc | U.S.A |
| Name of publisher, distributor, etc | Little, Brown and Company |
| Date of publication, distribution, etc | 2001 |
| 270 ## - ADDRESS | |
| City | U.S.A |
| 300 ## - PHYSICAL DESCRIPTION | |
| Extent | 280 p. |
| Other physical details | index |
| Dimensions | 18 cm. |
| 942 ## - ADDED ENTRY ELEMENTS (KOHA) | |
| Source of classification or shelving scheme | Dewey Decimal Classification |
| Item type | English Books |
| Classification part | 302 |
| Call number suffix | GLA |
| Withdrawn status | Lost status | Not for loan | Collection code | Home library | Current library | Date acquired | Source of acquisition | Cost, normal purchase price | Full call number | Barcode | Copy number | Cost, replacement price | Koha item type |
|---|---|---|---|---|---|---|---|---|---|---|---|---|---|
| Non-fiction | Vinoba Puri | Vinoba Puri | 25/07/2012 | Gift | 225.00 | 302 GLA | G-002056 | 1 | 225.00 | English Books |
